Guerre del Medioevo - Statistics

Statistiche generali
  • Questo quiz è stato fatto 83 volte
  • Il punteggio medio è 16 su 40
Statistiche sulle risposte
Data Luoghi dei conflitti Risposta % Corretto
1337-1453 Francia, Inghilterra, Castiglia, Paesi Bassi Guerra dei cent'anni
77%
1096-1099 Asia Minore, Levante, Palestina Prima crociata
70%
722-1492 Penisola iberica Reconquista
70%
1147-1150 Portogallo, Palestina, Egitto, Anatolia Seconda crociata
68%
1202-1204 Balcani Quarta crociata
67%
1217-1221 Palestina, Egitto Quinta crociata
67%
1228-1229 Palestina Sesta crociata
67%
1248-1254 Egitto Settima crociata
67%
1189-1192 Anatolia, Levante, Palestina Terza crociata
67%
1270 Tunisia Ottava crociata
65%
1066 Inghilterra Invasione normanna dell'Inghilterra
63%
1271-1272 Cipro, Levante, Palestina Nona crociata
62%
732 Francia Incursione musulmana a nord dei Pirenei
55%
535-553 Italia, Illiria Guerra greco-gotica
53%
568-572 Italia Invasione longobarda
53%
1455-1485 Inghilterra, Galles, Calais Guerra delle Due Rose
48%
793-911 Inghilterra, Scozia, Irlanda, Francia, Germania, Russia, Ucraina, Italia meridionale, Islanda, Groenlandia Invasioni vichinghe
45%
1343-1351 Anatolia Crociata di Smirne
43%
1107-1110 Penisola iberica, Baleari, Palestina Crociata norvegese
43%
1365-1366 Egitto, Levante Crociata alessandrina
42%
1365-1366 Dardanelli, Bulgaria Crociata contro i turchi
42%
1206-1279 Asia continentale, Europa orientale Conquiste mongole
38%
772-804 Germania Guerre sassoni
35%
811-955 Europa centrale e occidentale, Balcani Invasioni ungare
35%
1125-1186 Italia settentrionale Guerra tra Impero e comuni lombardi
33%
622-750 ca Medio Oriente, Africa settentrionale, Persia, Spagna Espansione islamica
32%
1282-1284 Mari Ligure e Tirreno Guerra tra Pisa e Genova
25%
1296-1328 Scozia Prima guerra d'indipendenza scozzese
25%
1332-1357 Scozia Seconda guerra d'indipendenza scozzese
25%
1299-1461 Asia Minore, Balcani Guerre bizantino-ottomane
17%
1216-1392 Italia Guerre tra Guelfi e Ghibellini
17%
1213-1214 Francia, Fiandre, Normandia Guerra anglo-francese
15%
773-774 Italia settentrionale Guerra franco-longobarda
15%
1370-1405 Persia, Anatolia, Mesopotamia, Asia centrale Conquiste di Tamerlano
10%
1297-1305 Fiandre Guerra di Fiandra
10%
1147-1422 Pomerania, Livonia, Estonia, Finlandia, Russia Crociate del nord
8%
1256-1381 Mar Mediterraneo, Mar Nero Guerre veneziano-genovesi
8%
1321-1357 Grecia, Macedonia, Tracia, Costantinopoli Guerre civili bizantine
7%
1048-1308 Asia Minore Guerre bizantino-selgiuchidi
2%
1396-1526 Ungheria, Romania, Ucraina, Serbia Guerre ottomano-ungheresi
2%
Nessun quiz corrispondente trovato
Distribuzione punteggi
Percentuale di utenti per punteggio
Percentile per numero di risposta
I tuoi punteggi nel tempo
Non hai fatto questo quiz